Every Song by the War on Drugs - Statistics

General Stats
  • This quiz has been taken 3 times
  • The average score is 15 of 66
Answer Stats
Album Song % Correct
I Don't Live Here Anymore(2021) I Don't Live Here Anymore
100%
Future Weather(2010) Baby Missiles
67%
Slave Ambient(2011) Baby Missiles
67%
I Don't Live Here Anymore(2021) Change
67%
I Don't Live Here Anymore(2021) Harmonia's Dream
67%
I Don't Live Here Anymore(2021) Living Proof
67%
A Deeper Understanding(2017) Pain
67%
Lost in the Dream(2014) Red Eyes
67%
A Deeper Understanding(2017) Strangest Thing
67%
A Deeper Understanding(2017) Thinking of a Place
67%
Lost in the Dream(2014) An Ocean in Between the Waves
33%
Wagonwheel Blues(2008) Barrel of Batteries
33%
Barrel of Batteries(2008) Buenos Aires Beach
33%
Wagonwheel Blues(2008) Buenos Aires Beach
33%
Lost in the Dream(2014) Burning
33%
Slave Ambient(2011) Come to the City
33%
Lost in the Dream(2014) Eyes to the Wind
33%
A Deeper Understanding(2017) Holding On
33%
A Deeper Understanding(2017) In Chains
33%
Lost in the Dream(2014) In Reverse
33%
Lost in the Dream(2014) Lost in the Dream
33%
A Deeper Understanding(2017) Nothing to Find
33%
I Don't Live Here Anymore(2021) Occasional Rain
33%
I Don't Live Here Anymore(Bonus)(2021) Oceans of Darkness
33%
I Don't Live Here Anymore(2021) Old Skin
33%
I Don't Live Here Anymore(2021) Rings Around My Father's Eyes
33%
I Don't Live Here Anymore(Bonus)(2021) Slow Ghost
33%
Lost in the Dream(2014) Suffering
33%
Lost in the Dream(2014) The Haunting Idle
33%
Lost in the Dream(2014) Under the Pressure
33%
A Deeper Understanding(2017) Up All Night
33%
I Don't Live Here Anymore(2021) Victim
33%
I Don't Live Here Anymore(2021) Wasted
33%
A Deeper Understanding(2017) You Don't Have to Go
33%
Wagonwheel Blues(2008) A Needle in Your Eye #16
0%
Future Weather(2010) A Pile of Tires
0%
Wagonwheel Blues(2008) Arms Like Boulders
0%
Slave Ambient(2011) Best Night
0%
Slave Ambient(2011) Black Water Falls
0%
Future Weather(2010) Brothers
0%
Slave Ambient(2011) Brothers
0%
Slave Ambient(2011) City Reprise #12
0%
A Deeper Understanding(2017) Clean Living
0%
Wagonwheel Blues(2008) Coast Reprise
0%
Slave Ambient(2011) Come for It
0%
Future Weather(2010) Come to the City #14
0%
Future Weather(2010) Comin' Around
0%
Future Weather(2010) Comin' Through
0%
Lost in the Dream(2014) Disappearing
0%
I Don't Live Here Anymore(2021) I Don't Wanna Wait
0%
Slave Ambient(2011) It's Your Destiny
0%
Slave Ambient(2011) I Was There
0%
A Deeper Understanding(2017) Knocked Down
0%
Future Weather(2010) Missiles Reprise
0%
Slave Ambient(2011) Original Slave
0%
Barrel of Batteries(2008) Pushing Corn
0%
Wagonwheel Blues(2008) Reverse the Charges
0%
Barrel of Batteries(2008) Set Yr Sights
0%
Wagonwheel Blues(2008) Show Me the Coast
0%
Barrel of Batteries(2008) Sweet Thing Reprise
0%
Wagonwheel Blues(2008) Taking the Farm
0%
Slave Ambient(2011) The Animator
0%
Future Weather(2010) The History of Plastic
0%
Wagonwheel Blues(2008) There Is No Urgency
0%
Barrel of Batteries(2008) Toxic City #26
0%
Slave Ambient(2011) Your Love Is Calling My Name
0%
No matching quizzes found
Score Distribution
Percent of People with Each Score
Percentile by Number Answered
Your Score History
You have not taken this quiz